00514nam a2200181Ia 450000500170000000800410001702000180005804100080007608200150008410000140009924500820011325000110019526000470020630000090025350000280026265000280029070000140031820251121154934.0230125s9999 xx 000 0 und d a9781847396488 aeng a158.1bJOH aJohnson S aPeaks and ValleysbMaking good and bad Times Work for you At Work and In Life aEd.1st c2009bSimon & schuster publisheraNew York a101p aPersonality Development aPersonality Development aJohnson S